000 00318nam a22001337a 4500
008 170427b xxu||||| |||| 00| 0 eng d
020 _a0138201366
041 _aeng
080 _25 ED
_a343.9
100 _a13
101 _aSHJ
245 _aSOCIETY CRIME AND CRIMINAL BEHAVIOR
_cGIBBONS.D.C
942 _2udc
_cBK
999 _c12285
_d12285